| 000 | 00737cam a2200229 a 4500 | ||
|---|---|---|---|
| 001 | 000018054 | ||
| 005 | 20200929165332.0 | ||
| 008 | 761012s1965 nyu 000 1 eng d | ||
| 040 |
_aDO-SdBNP _beng _cLC _dBNPHU |
||
| 082 |
_a813.3 _bS892u |
||
| 100 | 1 |
_aStowe, Harriet Beecher, _d1811-1896 _927250 |
|
| 245 | 1 | 0 |
_aUncle Tom's cabin : _bor, life among the lowly / _cHarriet Beecher Stowe. |
| 260 |
_aNew York : _bHarper & Row, _c1965. |
||
| 300 |
_axxvii, 451 p. ; _c19 cm. |
||
| 490 | 1 | _aA Perennial Classic | |
| 504 | _aBibliografía: p. ix. | ||
| 650 | 4 |
_aNovela estadounidense _9262 |
|
| 650 | 4 |
_aLiteratura estadounidense _9263 |
|
| 830 | 0 |
_aA Perennial Classic _939140 |
|
| 910 | _aCatalogación por copia / LC | ||
| 049 | _aBNGR | ||
| 999 |
_c17576 _d17576 |
||